|
|
|
|
| LEADER |
00990nam a22002297a 4500 |
| 001 |
35236 |
| 003 |
BD-DhAAL |
| 005 |
20211129144447.0 |
| 008 |
190904t2001 bg a|||| |||| 00| 0 eng d |
| 999 |
|
|
|c 41092
|d 41092
|
| 040 |
|
|
|a BD-DhAAL
|
| 082 |
|
|
|a 372.095492
|2 22
|
| 245 |
|
|
|a User's manual :
|b implementing the primary school performance monitoring model
|
| 260 |
|
|
|a Dhaka :
|b Primary and Mass Education Division, Directorate of Primary Education, Government of Bangladesh,
|c c2001
|
| 300 |
|
|
|a 145 pages :
|b illustrations ;
|c 25 cm
|
| 526 |
|
|
|a BIED
|
| 541 |
|
|
|a Complimentary copy from BIED
|e 35236
|
| 650 |
|
|
|a Education, Primary
|z Bangladesh.
|9 33880
|
| 710 |
|
|
|a Primary School Performance Monitoring Project (PSPMP)
|9 33881
|
| 852 |
|
|
|a Ayesha Abed Library
|c BIED Collection
|
| 942 |
|
|
|2 ddc
|c BK
|
| 952 |
|
|
|0 0
|1 0
|2 ddc
|4 0
|6 372_095492000000000_USE
|7 0
|9 66116
|a BRACUL
|b BRACUL
|c GEN
|d 2019-09-04
|e Complimentary copy from BIED
|l 0
|o 372.095492 USE
|p 3010035236
|r 2019-09-04
|t 1
|w 2019-09-04
|y BK
|x BIED-00155
|